| 000 | 00745nam a22002297a 4500 | ||
|---|---|---|---|
| 005 | 20170124105945.0 | ||
| 010 | _aA-899302 | ||
| 020 |
_c00.00 _a0195641515 |
||
| 035 | _aA-899302 | ||
| 037 | _bCen Lib/Ret | ||
| 040 |
_aDPL _bEN |
||
| 082 |
_a305.42 _bRAY |
||
| 100 |
_aRayaprol, Aparna _912213 |
||
| 245 |
_aNegotiating identities : _cby Aparna Rayaprol _bwomen in the Indian diaspora / |
||
| 260 |
_aDelhi _bOxford University Press _c1997 |
||
| 270 |
_bDelhi _aYMCA Library Building, Jai Singh Road _e110001 |
||
| 300 |
_a165p. _c20cm(Hb) |
||
| 500 | _aIncludes bibliographical references and index | ||
| 650 |
_aWomen -- Psychology _974183 |
||
| 650 |
_aIdentity (Psychology) _912215 |
||
| 942 |
_2ddc _cEN _h305.42 _mRAY |
||
| 999 |
_c124869 _d124869 |
||